000 00683cam a22002413a 4500
001 8736
003 PGUSA
005 20140828083204.0
008 050801s2005||||xxu|||||s|||||000 1 eng d
040 _aPGUSA
_beng
042 _adc
050 4 _aPR
100 1 _aConrad, Joseph,
_d1857-1924
245 1 0 _aGaspar Ruiz
_h[electronic resource] /
_cJoseph Conrad
260 _bProject Gutenberg,
_c2005
506 _aPublic domain in the USA.
516 _aElectronic text
653 _aWar stories
653 _aChile -- History -- War of Independence, 1810-1824 -- Fiction
830 0 _aProject Gutenberg
_v8736
856 4 0 _uhttp://www.gutenberg.org/ebooks/8736
942 _cEB
999 _c238036
_d238036